000 00701nam a2200229Ia 4500
005 20250508164253.0
008 008 250505s9999 xx 000 0 eng d
020 _a1-74114-409-4
037 _aTextBook
040 _aFEDL
_beng
_cFEDL
041 _aeng
_2eng
084 _a371.9, LOR
_qFEDL
100 _aLoreman Tim
_9777665
245 0 _aInclusive education: A practical guide to supporting diversity in the classroom
260 _aAustralia
_bAllen and Unwin
_c2006
300 _axii, 273p
365 _aINR
_b250
650 _aSpecial education-Australia
_9777799
700 _a Deppeler Joanne Harvey David
_9777800
942 _cTB
_h371.9, LOR
999 _c1388087
_d1388087